000 00253nam a2200097Ia 4500
001 711603
005 20250826162811.0
008 250824s9999 xx 000 0 und d
245 0 _aÇİKOLATA KAPLI HÜZÜNLER
_cCANAN TAN
260 _bDOĞAN EGMONT YAYINLARI
999 _c711603
_d711603